LEADER 00593nab a2200145 i 4500 001 000000268418 003 CaOOAMICUS 005 20080320000000.0 008 080320n xx uu u0 0und r 013 $a13716 040 $aSeMil$bita 245 10$a[SENZA TITOLO]. - [28] c. - In copertina :$bServizi disponibili on line, www.agensir.it. 500 $a19 marzo 2008 (N. 1636). 773 0 $t[2008.$dRoma : Società per l'Informazione Religiosa (SIR), stampa 2008.$w()168682 996 $6245$a[SENZA TITOLO]. - [28] c. - In copertina :$bServizi disponibili on line, www.agensir.it.$9(OLS)http://semarc/title/358551 LEADER 00945nam a2200217 i 4500 001 000000200944 003 CaOOAMICUS 005 20110415000000.0 008 110415s1904 it u000 u ita u 013 $a179645 040 $aSeMil$bita 100 1 $aLocatelli, Giuseppe.$0(OLS)http://semarc/name/24193 245 13$aLa Madonna del Monte d'Altino in Vall'Alta :$b(Diocesi di Bergamo) /$cSac. Don. Giuseppe Locatelli. 260 $aMilano :$bTip. G. Sirtori,$c1904. 300 $a75 p. :$bill. ;$c15 cm. 650 4$aBergamo - Santuario della Beata Vergine del monte Altino.$0(OLS)http://semarc/subject/37733 850 $aSeMil 852 $aSeMil$W1$xVenegono$y1$m5D IX 13/43$j151473$B151473$CSeMilBibl$Z2$F162693 $81 961 $aOmaggio: Altro 996 $6245$aLa Madonna del Monte d'Altino in Vall'Alta :$b(Diocesi di Bergamo)$9(OLS)http://semarc/title/290705 996 $6260$aMilano :$bTip. G. Sirtori$9(OLS)http://semarc/publisher/51544